New construction orders : April 2003 (Record no. 72852)
[ view plain ]
| 000 -LEADER | |
|---|---|
| fixed length control field | 00905cam a2200169 4500 |
| 001 - CONTROL NUMBER | |
| control field | WB3922-01 |
| 008 - FIXED-LENGTH DATA ELEMENTS--GENERAL INFORMATION | |
| fixed length control field | 030616n2003 000 0 eng u |
| 035 ## - SYSTEM CONTROL NUMBER | |
| System control number | (Sirsi) u122600 |
| 245 ## - TITLE STATEMENT | |
| Title | New construction orders : April 2003 |
| 260 ## - PUBLICATION, DISTRIBUTION, ETC. | |
| Date of publication, distribution, etc. | 2003 |
| 490 ## - SERIES STATEMENT | |
| Series statement | DTI Press Release |
| Volume/sequential designation | (C-0603) 12 June 2003 (2) |
| 520 ## - SUMMARY, ETC. | |
| Summary, etc. | Details of orders in the 12 months to April 2003 which rose by 9% compared to orders in the previous 12 months, although orders in the three months to April 2003 fell by 2% compared to the same three months a year earlier. Private housing orders in the 12 months to April 2003 decreased by 3% compared with the previous 12 months, while in the same period public non-housing orders rose by 40%. http://www.gnn.gov.uk/gnn/national.nsf/TI/0F9B6AEE48E161D980256D430037C3DA?opendocument |
| 590 ## - LOCAL NOTE (RLIN) | |
| Local note | TEST |
| 650 ## - SUBJECT ADDED ENTRY--TOPICAL TERM | |
| Topical term or geographic name entry element | CONSTRUCTION ORDERS |
| 690 ## - LOCAL SUBJECT ADDED ENTRY--TOPICAL TERM (OCLC, RLIN) | |
| Topical term or geographic name as entry element | BUILT ENVIRONMENT |
| 942 ## - ADDED ENTRY ELEMENTS (KOHA) | |
| Suppress in OPAC | 0 |
| Withdrawn status | Lost status | Source of classification or shelving scheme | Damaged status | Not for loan | Home library | Current library | Shelving location | Date acquired | Total Checkouts | Full call number | Barcode | Date last seen | Copy number | Price effective from | Koha item type |
|---|---|---|---|---|---|---|---|---|---|---|---|---|---|---|---|
| Dewey Decimal Classification | London | London | News article | 16/06/2003 | WB3922-01 | 122600-1001 | 06/08/2019 | 1 | 06/08/2019 | News article |